Central Library OPAC University of Rajshahi

Physical geology / (Record no. 68599)

MARC details
000 -LEADER
fixed length control field 00783nam a2200277 a 4500
001 - CONTROL NUMBER
control field 68599
003 - CONTROL NUMBER IDENTIFIER
rucl marc code BD-RjUL
005 - DATE AND TIME OF LATEST TRANSACTION
control field 20211209081805.0
008 - FIXED-LENGTH DATA ELEMENTS--GENERAL INFORMATION
fixed length control field 170404s1977 enkab 001 0 eng d
020 ## - INTERNATIONAL STANDARD BOOK NUMBER
International Standard Book Number 0471264423
035 ## - SYSTEM CONTROL NUMBER
System control number (BD-RjUL) 68809
040 ## - CATALOGING SOURCE
Original cataloging agency DLC
Transcribing agency DLC
Modifying agency BD-RjUL
Language of cataloging eng
041 1# - LANGUAGE CODE
Language code of text/sound track or separate title engrus
082 00 - DEWEY DECIMAL CLASSIFICATION NUMBER
Classification number 551
Edition number 23
Author mark and year FLP 1977
100 1# - MAIN ENTRY--PERSONAL NAME
Personal name Flint, Richard Foster
9 (RLIN) 203340
245 00 - TITLE STATEMENT
Title Physical geology /
Statement of responsibility, etc. Richard Foster Flint & Brian J.Skinner
250 ## - EDITION STATEMENT
Edition statement 2nd ed.
260 ## - PUBLICATION, DISTRIBUTION, ETC. (IMPRINT)
Place of publication, distribution, etc. Newyork ;
Name of publisher, distributor, etc. John Wiley,
Date of publication, distribution, etc. c1977.
300 ## - PHYSICAL DESCRIPTION
Pagination 594 p. :
Size 22 cm.
Illustrations ill. ;
500 ## - GENERAL NOTE
General note Includes Index.
650 #0 - SUBJECT ADDED ENTRY--TOPICAL TERM
Topical term or geographic name as entry element Physical geology.
9 (RLIN) 116492
Topical term or geographic name as entry element Geology, Structural
9 (RLIN) 205730
700 ## - ADDED ENTRY--PERSONAL NAME
Personal name Skinner, Brian J.
942 ## - ADDED ENTRY ELEMENTS (KOHA)
Source of classification or shelving scheme Dewey Decimal Classification
Koha item type Books
Holdings
Lost status Source of classification or shelving scheme Damaged status Not for loan Collection code Permanent Location Current Location Shelving location Date acquired Source of acquisition Total Checkouts Full call number Date last seen Copy number Koha item type
  Dewey Decimal Classification   Not For Loan Non-fiction Central Library, University of Rajshahi Central Library, University of Rajshahi Reading Room 24/10/1989 Asia Foundation   551 FLP 1977 04/04/2017 C-1 Books